| 000 -LEADER |
| fixed length control field |
01457nam a2200337 a 4500 |
| 003 - CONTROL NUMBER IDENTIFIER |
| control field |
AR-BaISA |
| 005 - DATE AND TIME OF LATEST TRANSACTION |
| control field |
20250210154915.0 |
| 007 - PHYSICAL DESCRIPTION FIXED FIELD--GENERAL INFORMATION |
| fixed length control field |
ta |
| 008 - FIXED-LENGTH DATA ELEMENTS--GENERAL INFORMATION |
| fixed length control field |
250210s1967 ag ||||f |||| 000 0 spa d |
| 040 ## - CATALOGING SOURCE |
| Language of cataloging |
spa |
| Transcribing agency |
AR-BaISA |
| 082 04 - DEWEY DECIMAL CLASSIFICATION NUMBER |
| Edition number |
22 |
| Classification number |
155.31 D489 |
| 100 ## - MAIN ENTRY--PERSONAL NAME |
| 9 (RLIN) |
3578 |
| Personal name |
Deutsch, Helene |
| Relator term |
aut. |
| 245 00 - TITLE STATEMENT |
| Title |
Psicoanálisis y desviaciones sexuales / |
| Statement of responsibility, etc. |
Desutsch, Bonaparte, Riviere, Freedman, Greeson, Loewensterin, Fenichel, Bak, Khan |
| 260 ## - PUBLICATION, DISTRIBUTION, ETC. |
| Place of publication, distribution, etc. |
Buenos Aires: |
| Name of publisher, distributor, etc. |
Paidós, |
| Date of publication, distribution, etc. |
1967 |
| 300 ## - PHYSICAL DESCRIPTION |
| Extent |
[235] p. |
| 490 ## - SERIES STATEMENT |
| Serie |
Psicología de Hoy; |
| Volume/sequential designation |
19 |
| 505 ## - FORMATTED CONTENTS NOTE |
| Title |
Helene Deutsch / La homosexualidad femenina -- |
| -- |
Marie Bonaparte / Pasividad, masoquismo y femeneidad -- |
| -- |
David A. Freeman / Las mujeres que odian a sus maridos -- |
| -- |
Ralph R. Greenson / La pasividad fálica y la identidad de género -- |
| -- |
Robert C. Bak / El fetichismo -- |
| -- |
M. Masud R. Khan / El fetichismo del prepucio y su relación con la patología yoica en un homosexual |
| 650 14 - SUBJECT ADDED ENTRY--TOPICAL TERM |
| 9 (RLIN) |
2266 |
| Topical term or geographic name entry element |
Sexualidad |
| 650 14 - SUBJECT ADDED ENTRY--TOPICAL TERM |
| 9 (RLIN) |
141 |
| Topical term or geographic name entry element |
Psicoanálisis |
| 650 14 - SUBJECT ADDED ENTRY--TOPICAL TERM |
| 9 (RLIN) |
2922 |
| Topical term or geographic name entry element |
Perspectiva de genero |
| 700 1# - ADDED ENTRY--PERSONAL NAME |
| 9 (RLIN) |
3579 |
| Personal name |
Bonaparte, Marie |
| Relator term |
aut. |
| 700 1# - ADDED ENTRY--PERSONAL NAME |
| 9 (RLIN) |
3580 |
| Personal name |
Riviere, Jean |
| Relator term |
aut. |
| 700 1# - ADDED ENTRY--PERSONAL NAME |
| 9 (RLIN) |
3581 |
| Personal name |
Freedman, David A. |
| 700 1# - ADDED ENTRY--PERSONAL NAME |
| 9 (RLIN) |
3184 |
| Personal name |
Greenson, Ralph R. |
| Relator term |
aut. |
| 700 1# - ADDED ENTRY--PERSONAL NAME |
| 9 (RLIN) |
3582 |
| Personal name |
Loewenstein, Rudolph |
| Relator term |
aut. |
| 700 1# - ADDED ENTRY--PERSONAL NAME |
| 9 (RLIN) |
2288 |
| Personal name |
Fenichel, Otto |
| 700 1# - ADDED ENTRY--PERSONAL NAME |
| 9 (RLIN) |
3583 |
| Personal name |
Bak, Robert C. |
| Relator term |
aut. |
| 700 1# - ADDED ENTRY--PERSONAL NAME |
| 9 (RLIN) |
3584 |
| Personal name |
R. Khan, M. Masud |
| Relator term |
aut. |
| 830 ## - SERIES ADDED ENTRY--UNIFORM TITLE |
| 9 (RLIN) |
2263 |
| Uniform title |
Psicología de hoy |
| 942 ## - ADDED ENTRY ELEMENTS (KOHA) |
| Source of classification or shelving scheme |
|
| Koha item type |
Libros |
| Edition |
22 |